000 00830nac a22002657a 4500
001 BR8204323
003 BR-BrBNA
005 20240105115430.0
008 230509b bl.|||m| |||| 00| 0 por d
040 _aBR-BrBNA
_bpor
_cBiblioteca Nacional de Agricultura
072 _aH10
090 _a2120 BR8204323
100 1 _aD'Antonio, A.M.
110 1 _aBayer do Brasil S.A., Sao Paulo, SP
245 1 _aCigarras, um grave problema na cultura do cafe [Coffea spp., Carineta fasciculata, biologia]
260 3 _aSao Paulo, SP (Brasil):
_c1982.
300 _a4 p.
490 _aBoletim Fitossanitario - Bayer do Brasil S.A. (Brazil)
_vno. 283
_xISSN 0100-4263
650 _aCAFE
650 _aCIGARRA
650 _aINSETO
650 _aBIOLOGIA
909 _a202312
_bLúcia Elande
_c55
_dLúcia Elande
942 _2AGRIS
_n0
_cMS
999 _c274782
_d274782